[Event "Flims op 9th"]
[Site "Flims"]
[Date "2020.10.11"]
[Round "4"]
[White "Scherler, Julius"]
[Black "Koller, Nikita"]
[Result "0-1"]
[WhiteElo "1769"]
[BlackElo "1535"]
[PlyCount "96"]
[EventDate "2020.10.09"]
[EventType "swiss"]
[EventRounds "5"]
[EventCountry "SUI"]
[SourceTitle "CBM 198 Extra"]
[Source "ChessBase"]
[SourceDate "2020.11.30"]
[SourceVersion "1"]
[SourceVersionDate "2020.11.30"]
[SourceQuality "1"]

1. e4 c5 2. Nf3 d6 3. g3 Nf6 4. d3 Nc6 5. Bg2 g6 6. 0-0 Bg7 7. c3 0-0 8. Nbd2 Nd7 9. Re1 Nde5 10. a3 Nxd3 11. Re3 Nxc1 12. Rxc1 Rb8 13. a4 b6 14. h4 Bg4 15. Qc2 Bd7 16. Kh2 Ne5 17. Rh1 Ng4+ 18. Kg1 Nxe3 19. fxe3 h5 20. Nh2 Bh6 21. Qd3 e5 22. g4 Qxh4 23. gxh5 Qe1+ 24. Ndf1 c4 25. Nf3 cxd3 26. Nxe1 d2 27. Nxd2 Bxe3+ 28. Kf1 Bxd2 29. Nf3 Bf4 30. h6 Kh7 31. Nh4 Bxh6 32. Nf3 Kg7 33. a5 bxa5 34. b4 axb4 35. cxb4 Rxb4 36. Bh3 Rb1+ 37. Ne1 Bxh3+ 38. Rxh3 Bd2 39. Kf2 Bxe1+ 40. Kg2 Rc8 41. Rf3 Rc2+ 42. Kh3 Rc3 43. Rg3 Rxg3+ 44. Kh4 Rg1+ 45. Kh3 Bh4 46. Kh2 Rbf1 47. Kh3 Rf2 48. Kxh4 Rh2# 0-1